| 000 | 00890nam a2200265 a 4500 | ||
|---|---|---|---|
| 001 | 15595 | ||
| 003 | BD-RjUL | ||
| 005 | 20211208235842.0 | ||
| 008 | 140210r19581948nyua b 001 0 eng | ||
| 035 | _a(BD-RjUL)15650 | ||
| 035 | _a(OCoLC)561384 | ||
| 040 |
_aDLC _cODaWU _dOCoLC _dDLC _dBD-RjUL _beng |
||
| 041 | _aeng | ||
| 082 |
_223 _a658.3 _bRES 1958 |
||
| 245 | 1 | 0 |
_aResearch in industry : _bits organization and management / _cedited by C. C. Furnas |
| 260 |
_aNew York : _bD. Van Nostrand Co., _cc1948 [ Reprinted 1958]. |
||
| 300 |
_axii, 574 p. : _bill. ; _c24 cm. |
||
| 504 | _aIncludes bibliographies and index. | ||
| 650 | 0 |
_aPersonnel management. _948411 |
|
| 650 | 0 |
_aResearch, Industrial. _948412 |
|
| 700 | 1 |
_aFurnas, C. C. _q(Clifford Cook), _d1900-1969, _eed. _948413 |
|
| 710 |
_aIndustrial Research Institute, New York. _9189052 |
||
| 942 |
_2ddc _cBK |
||
| 999 |
_c15595 _d15595 |
||